[Event "GER-chT U14 Girls"]
[Site "Magdeburg"]
[Date "2015.12.27"]
[Round "1.3"]
[White "Rieger, Lotta"]
[Black "Eisenburger, Melissa"]
[Result "1/2-1/2"]
[WhiteElo "1518"]
[BlackElo "1181"]
[PlyCount "122"]
[EventDate "2015.12.27"]
[EventType "team-swiss"]
[EventRounds "7"]
[EventCountry "GER"]
[SourceTitle "EXT 2017"]
[Source "ChessBase"]
[SourceDate "2016.10.25"]
[SourceVersion "1"]
[SourceVersionDate "2016.10.25"]
[SourceQuality "1"]
[WhiteTeam "Erfurt Empor"]
[BlackTeam "Erlangen"]
[WhiteTeamCountry "GER"]
[BlackTeamCountry "GER"]

1. e4 e5 2. Nf3 Nf6 3. Nc3 Bb4 4. Bc4 0-0 5. Qe2 Bxc3 6. bxc3 d5 7. exd5 Nxd5 8. 0-0 Re8 9. Qe4 c6 10. Re1 Qd6 11. Bb2 Nd7 12. d4 f6 13. Bd3 g6 14. c4 Nf4 15. dxe5 fxe5 16. Nxe5 Nxd3 17. cxd3 Nc5 18. Qe3 Bf5 19. Ba3 Bxd3 20. Bxc5 Qc7 21. Qxd3 Rxe5 22. Red1 Rxc5 23. Qd7 Qxd7 24. Rxd7 b6 25. Rc1 b5 26. Rd4 Re8 27. Kf1 Kg7 28. Rd7+ Kg8 29. Rxa7 Rxc4 30. Rxc4 bxc4 31. Rc7 Re6 32. Rd7 Re5 33. Rd6 Rc5 34. Rd2 Kf7 35. Ke2 Ke6 36. f4 Rd5 37. Rc2 Rd4 38. Ke3 c5 39. a4 Kd7 40. Rd2 Rxd2 41. Kxd2 Kd6 42. a5 Kc6 43. Kc3 Kb5 44. a6 Kxa6 45. Kxc4 Kb6 46. g4 Kc6 47. h3 Kd6 48. h4 h6 49. Kd3 Ke6 50. Ke4 Kf6 51. Kd5 h5 52. g5+ Kf5 53. Kxc5 Kxf4 54. Kd5 Kg4 55. Ke5 Kxh4 56. Kf6 Kg4 57. Kxg6 h4 58. Kf6 h3 59. g6 h2 60. g7 h1Q 61. g8Q+ Kf4 1/2-1/2